Greece or Turkey? - Statistics

General Stats
  • This quiz has been taken 543 times
    393 since last reset
  • The average score is 14 of 20
Answer Stats
Question Answer % Correct
Kurds are a large ethnic group here Turkey
97%
Is known as 'Hellas' in its native language Greece
96%
Has 'Ψ' (capitalised) in its Alphabet Greece
95%
Is the place of origin of the Döner kebab Turkey
94%
Had the Drachma as its currency until 2001 Greece
92%
Is located mostly on the Anatolian Peninsula Turkey
90%
Its highest mountain is Mount Ararat Turkey
90%
Borders the Aegean Sea Both
89%
Its president has been in office since 2014 Turkey
82%
Owns the city of Corfu Greece
78%
Borders the Sea of Marmara Turkey
78%
Birthplace of Mustafa Kemal Atatürk Greece
68%
Has a higher population density Turkey
65%
Birthplace of Diogenes of Sinope Turkey
63%
Has land within the region of Thrace Both
59%
Is a member of the G20 Turkey
57%
At one point, part of its territory was controlled by the British Empire Both
41%
Borders the Maritsa river Both
33%
Over 25% of its population lives its largest city Greece
33%
Its English name sounds like a food/liquid Both
29%
No matching quizzes found
Score Distribution
Percent of People with Each Score
Percentile by Number Answered
Your Score History
You have not taken this quiz since the last reset